| 000 | 00667nam a22002297a 4500 | ||
|---|---|---|---|
| 005 | 20140505104418.0 | ||
| 010 | _aENG-109636 | ||
| 020 |
_c515.00 _a9781259062896 |
||
| 020 |
_c515.00 _a1259062899 |
||
| 035 | _aEN-93169 | ||
| 037 | _bDBAD/PUB | ||
| 082 | _a621.31913 | ||
| 100 | _aNaidu, M.S. | ||
| 245 | 0 | 0 |
_aHigh-voltage engineering / _cby M.S. Naidu [and] V. Kamaraju |
| 250 | _a5th ed | ||
| 260 |
_aNew Delhi _bMcGraw Hill Education _c2013 |
||
| 270 |
_aP-24, Green Park Extn. _bNew Delhi _e110016 |
||
| 300 |
_axiv,468p. : _c23cm(pbk) _bill. |
||
| 500 | _aIncludes index | ||
| 700 | _aKamaraju, V. | ||
| 942 |
_2ddc _cEN _mNAI _h621.31913 |
||
| 999 |
_c83221 _d83221 |
||